FAILURES IN DENTAL IMPLANTS (Record no. 18948)

MARC details
000 -LEADER
fixed length control field 00315nam a22001337a 4500
003 - CONTROL NUMBER IDENTIFIER
control field SGT
082 ## - DEWEY DECIMAL CLASSIFICATION NUMBER
Classification number 617.63
Item number I14N
100 ## - MAIN ENTRY--PERSONAL NAME
Personal name KASSAL, JAYASHREE
245 ## - TITLE STATEMENT
Title FAILURES IN DENTAL IMPLANTS
260 ## - PUBLICATION, DISTRIBUTION, ETC. (IMPRINT)
Place of publication, distribution, etc DELHI NCR
Name of publisher, distributor, etc SGT UNIVERSITY GURUGRAM
Year of Publication 2014
300 ## - PAGE DESCRIPTION
No. of Pages 1-120
650 ## - SUBJECT ADDED ENTRY--TOPICAL TERM
Topical term or geographic name as entry element ORAL MEDICINE
942 ## - ADDED ENTRY ELEMENTS (KOHA)
Source of classification or shelving scheme Dewey Decimal Classification
Koha item type Thesis/Dissertation

No items available.